[Event "Calvia Amateur op 20th"]
[Site "Calvia"]
[Date "2023.10.15"]
[Round "9"]
[White "Torres Tur, Juan"]
[Black "Styblo, Michal"]
[Result "1-0"]
[WhiteElo "1913"]
[BlackElo "2185"]
[PlyCount "77"]
[EventDate "2023.10.07"]
[EventType "swiss"]
[EventRounds "9"]
[EventCountry "ESP"]
[SourceTitle "CBM 216 Extra"]
[Source "ChessBase"]
[SourceDate "2023.11.30"]
[SourceVersion "1"]
[SourceVersionDate "2023.11.30"]
[SourceQuality "1"]

1. d4 Nf6 2. c4 g6 3. Nc3 Bg7 4. Nf3 0-0 5. e4 d6 6. Be2 e5 7. dxe5 dxe5 8. 0-0 Nbd7 9. b3 b6 10. Bg5 h6 11. Bxf6 Qxf6 12. Qc2 c6 13. Rad1 Nc5 14. Rd2 Bb7 15. Rfd1 Rad8 16. b4 Ne6 17. b5 Nd4 18. Nxd4 exd4 19. bxc6 Bxc6 20. Nd5 Qd6 21. g3 Rfe8 22. f4 Qc5 23. Qd3 a6 24. Bf3 b5 25. e5 Qxc4 26. Qxd4 Qxd4+ 27. Rxd4 Bxd5 28. Bxd5 Rb8 29. Bb3 Rb7 30. Rd8 Kf8 31. Kf2 Rxd8 32. Rxd8+ Ke7 33. Ra8 g5 34. Rxa6 gxf4 35. gxf4 h5 36. Kf3 Rd7 37. Ke4 Kd8 38. f5 Kc7 39. Ra7+ 1-0

[Event "Calvia Amateur op 20th"]
[Site "Calvia"]
[Date "2023.10.09"]
[Round "3"]
[White "Andersson, Lars"]
[Black "Styblo, Michal"]
[Result "0-1"]
[WhiteElo "2051"]
[BlackElo "2185"]
[PlyCount "66"]
[EventDate "2023.10.07"]
[EventType "swiss"]
[EventRounds "9"]
[EventCountry "ESP"]
[SourceTitle "CBM 216 Extra"]
[Source "ChessBase"]
[SourceDate "2023.11.30"]
[SourceVersion "1"]
[SourceVersionDate "2023.11.30"]
[SourceQuality "1"]

1. d4 Nf6 2. Bg5 e6 3. e4 h6 4. Bxf6 Qxf6 5. c3 d5 6. e5 Qd8 7. Nf3 c5 8. Be2 Nc6 9. 0-0 Be7 10. Re1 0-0 11. Na3 cxd4 12. cxd4 Bd7 13. Nc2 Qb6 14. Rb1 f6 15. Bd3 fxe5 16. Nxe5 Nxe5 17. Rxe5 Rf6 18. Ne1 Raf8 19. Nf3 Be8 20. Be2 Bd6 21. Re3 Bg6 22. Rb3 Qc7 23. Rc1 Qb8 24. Rcc3 Be4 25. h3 R6f7 26. a4 Qd8 27. Re3 Bf4 28. Rec3 Bb8 29. Qe1 Qf6 30. Re3 Bf4 31. Rec3 b6 32. a5 bxa5 33. Ra3 Bd6 0-1

[Event "Brno op 3rd"]
[Site "Brno"]
[Date "2012.11.14"]
[Round "6"]
[White "Kubat, Pavel"]
[Black "Styblo, Michal"]
[Result "0-1"]
[WhiteElo "1899"]
[BlackElo "2237"]
[PlyCount "88"]
[EventDate "2012.11.10"]
[EventType "swiss"]
[EventRounds "9"]
[EventCountry "CZE"]
[SourceTitle "CBM 151 Extra"]
[Source "ChessBase"]
[SourceDate "2012.12.18"]
[SourceVersion "1"]
[SourceVersionDate "2012.12.18"]
[SourceQuality "1"]

1. Nf3 d5 2. c4 e6 3. g3 c5 4. Qc2 Nf6 5. Bg2 Nc6 6. a3 Be7 7. 0-0 0-0 8. d3 d4 9. e3 a5 10. exd4 cxd4 11. Re1 Nd7 12. Bf4 Nc5 13. Be5 f6 14. Bf4 e5 15. Bc1 Bf5 16. Bf1 Qd7 17. Nbd2 Bg4 18. Bg2 Qf5 19. Re4 Nxe4 20. dxe4 Qd7 21. Qd3 a4 22. Nh4 Be6 23. Nf5 Na5 24. Bf1 Rac8 25. Bh3 g6 26. Nxe7+ Qxe7 27. Bxe6+ Qxe6 28. b3 axb3 29. Bb2 Nxc4 30. Qxb3 Qb6 31. Rb1 Qxb3 32. Nxb3 Nxb2 33. Rxb2 Rfd8 34. Kf1 d3 35. f4 Rc2 36. Rb1 Rxh2 37. Kg1 Ra2 38. fxe5 fxe5 39. Kf1 Rxa3 40. Ke1 Ra2 41. Nd2 Rc8 42. g4 Rcc2 43. Nf3 Re2+ 44. Kd1 Rf2 0-1

[Event "CZE-chT2e 0607"]
[Site "Czech Republic"]
[Date "2007.04.15"]
[Round "11.4"]
[White "Pospisil, Jaroslav"]
[Black "Styblo, Michal"]
[Result "0-1"]
[WhiteElo "2010"]
[BlackElo "2222"]
[PlyCount "36"]
[EventDate "2006.10.15"]
[EventType "team-tourn"]
[EventRounds "11"]
[EventCountry "CZE"]
[SourceTitle "EXT 2009"]
[Source "ChessBase"]
[SourceDate "2008.11.26"]
[SourceVersion "1"]
[SourceVersionDate "2008.11.26"]
[SourceQuality "1"]

1. e4 c5 2. d3 Nc6 3. Nc3 e6 4. f4 d5 5. Nf3 Nf6 6. Bd2 Be7 7. Be2 0-0 8. 0-0 a6 9. exd5 exd5 10. a3 Re8 11. h3 Bd6 12. Qe1 d4 13. Nd1 Nd5 14. Nh2 Qe7 15. Rf2 Bxf4 16. Nf1 Be3 17. Bxe3 dxe3 18. Rf3 Nd4 0-1

[Event "CZE-chT2e 0405"]
[Site "Czech Republic"]
[Date "2005.02.20"]
[Round "8.2"]
[White "Styblo, Michal"]
[Black "Pokorny, Tomas"]
[Result "0-1"]
[WhiteElo "2233"]
[BlackElo "2255"]
[PlyCount "126"]
[EventDate "2004.10.17"]
[EventType "team-tourn"]
[EventRounds "11"]
[EventCountry "CZE"]
[SourceTitle "EXT 2007"]
[Source "ChessBase"]
[SourceDate "2006.11.23"]
[SourceVersion "1"]
[SourceVersionDate "2006.11.23"]
[SourceQuality "1"]

1. d4 d5 2. c4 e6 3. Nc3 Nf6 4. cxd5 exd5 5. Bg5 Nbd7 6. e3 c6 7. Bd3 Bd6 8. Nge2 Qc7 9. Qc2 0-0 10. Rc1 a6 11. a3 h6 12. Bf4 Re8 13. b4 Nf8 14. 0-0 Bg4 15. a4 Bxe2 16. Nxe2 Nh5 17. Bxd6 Qxd6 18. Qc5 Qxc5 19. bxc5 Rac8 20. Rb1 Rc7 21. Rb2 Ne6 22. Rfb1 Nd8 23. a5 g6 24. Ng3 Nxg3 25. hxg3 Kg7 26. Kf1 f5 27. Ke2 h5 28. Kd2 Kf6 29. Be2 Rh8 30. Bf3 g5 31. Rh1 Rch7 32. Be2 h4 33. g4 f4 34. Bd3 Rh6 35. Bf5 h3 36. gxh3 Rxh3 37. Rxh3 Rxh3 38. Rb1 Rh2 39. Ke2 fxe3 40. Kxe3 Rh3+ 41. Ke2 Ra3 42. Rh1 Rxa5 43. Rh6+ Ke7 44. Rh7+ Kf6 45. Rd7 Nf7 46. Rxb7 Ra2+ 47. Kf3 Ra3+ 48. Kg2 Nh6 49. Rb6 Nxf5 50. Rxc6+ Kf7 51. gxf5 Ra4 52. Kg3 Rxd4 53. Rxa6 Rc4 54. c6 Kf6 55. Ra5 Ke5 56. f6 Rxc6 57. f7 Rf6 58. Ra7 Rf4 59. Re7+ Kd6 60. Re2 Rxf7 61. Kg4 Rg7 62. f4 gxf4+ 63. Kxf4 Kc5 0-1

[Event "CZE-chT qual"]
[Site "Czech Republic"]
[Date "1995.??.??"]
[Round "2"]
[White "Vrana, Frantisek"]
[Black "Styblo, Michal"]
[Result "1/2-1/2"]
[WhiteElo "2235"]
[BlackElo "2265"]
[PlyCount "102"]
[EventDate "1995.??.??"]
[EventType "team-tourn"]
[EventRounds "7"]
[EventCountry "CZE"]
[SourceTitle "EXT 1997"]
[Source "ChessBase"]
[SourceDate "1996.11.15"]
[SourceVersion "1"]
[SourceVersionDate "1996.11.15"]
[SourceQuality "1"]

1. e4 e5 2. Nf3 Nc6 3. Bb5 a6 4. Bxc6 dxc6 5. 0-0 f6 6. d4 exd4 7. Nxd4 c5 8. Nb3 Qxd1 9. Rxd1 Be6 10. Bf4 c4 11. Nd4 0-0-0 12. Nc3 Bf7 13. Nf5 Rxd1+ 14. Rxd1 Ne7 15. Ne3 h5 16. Ned5 Nxd5 17. Nxd5 Bxd5 18. Rxd5 Be7 19. Kf1 c6 20. Rd2 Rd8 21. Ke2 Rxd2+ 22. Bxd2 Kd7 23. f4 Bd6 24. h3 g6 25. Kf3 Ke6 26. g4 hxg4+ 27. Kxg4 b5 28. f5+ gxf5+ 29. exf5+ Kf7 30. Kf3 Be5 31. Bc3 Bd6 32. Ke4 Bc5 33. Bd4 Bd6 34. Ke3 Bc7 35. a4 Bd6 36. Ke4 Bc7 37. Bc3 Bb6 38. Bb4 Ba7 39. Bd6 Bb6 40. Bb4 Ba7 41. Bd6 Bb6 42. Bb8 Bc5 43. axb5 axb5 44. Bf4 Bf2 45. Be3 Bg3 46. Bf4 Bf2 47. c3 Kg7 48. Be3 Bg3 49. Kd4 Bd6 50. h4 Kh7 51. Ke4 Kg7 1/2-1/2

[Event "CZE-chT 9394"]
[Site "Czech Republic"]
[Date "1994.03.13"]
[Round "10"]
[White "Styblo, Michal"]
[Black "Jirovsky, Pavel"]
[Result "1/2-1/2"]
[WhiteElo "2275"]
[BlackElo "2335"]
[PlyCount "80"]
[EventDate "1994.11.27"]
[EventType "team-tourn"]
[EventRounds "9"]
[EventCountry "CZE"]
[SourceTitle "EXT 2019"]
[Source "ChessBase"]
[SourceDate "2018.10.10"]
[SourceVersion "1"]
[SourceVersionDate "2018.10.10"]
[SourceQuality "1"]
[WhiteTeam "Grygov A64 Valoz"]
[BlackTeam "Kolin SK Sokol"]
[WhiteTeamCountry "CZE"]
[BlackTeamCountry "CZE"]

1. e4 c5 2. Nf3 d6 3. Bb5+ Bd7 4. Bxd7+ Qxd7 5. 0-0 Nf6 6. e5 dxe5 7. Nxe5 Qc8 8. b3 g6 9. Bb2 Bg7 10. Ng4 Nbd7 11. Re1 Qc6 12. Nxf6+ Bxf6 13. Bxf6 Nxf6 14. Na3 e6 15. Nc4 0-0 16. a4 Rad8 17. d3 Rd4 18. Qe2 Kg7 19. Qe5 Rc8 20. Rad1 Qc7 21. g3 Qxe5 22. Rxe5 Rd7 23. Rde1 Nd5 24. f4 Nb4 25. R5e2 h5 26. h3 Nd5 27. Kg2 h4 28. Re4 hxg3 29. Kxg3 Ne7 30. Kg2 Nf5 31. Ne5 Rd4 32. Nf3 Rdd8 33. R1e2 b6 34. Rf2 Rh8 35. Ng5 Nd4 36. Kg3 Rcd8 37. Kg2 Rd7 38. Kg3 Nf5+ 39. Kg2 Nh4+ 40. Kg3 Nf5+ 1/2-1/2

[Event "CZE-chT 9394"]
[Site "Czech Republic"]
[Date "1994.03.12"]
[Round "9"]
[White "Styblo, Michal"]
[Black "Pokorny, Zdenek"]
[Result "1/2-1/2"]
[WhiteElo "2275"]
[BlackElo "2320"]
[PlyCount "134"]
[EventDate "1994.11.27"]
[EventType "team-tourn"]
[EventRounds "9"]
[EventCountry "CZE"]
[SourceTitle "EXT 2019"]
[Source "ChessBase"]
[SourceDate "2018.10.10"]
[SourceVersion "1"]
[SourceVersionDate "2018.10.10"]
[SourceQuality "1"]
[WhiteTeam "Grygov A64 Valoz"]
[BlackTeam "Hradec Kralove Slavia"]
[WhiteTeamCountry "CZE"]
[BlackTeamCountry "CZE"]

1. e4 e5 2. Nf3 Nc6 3. Bb5 a6 4. Ba4 Nf6 5. 0-0 Be7 6. Re1 b5 7. Bb3 0-0 8. d3 d6 9. c3 Na5 10. Bc2 c5 11. Nbd2 Ne8 12. d4 Nc6 13. d5 Nb8 14. a4 Nc7 15. c4 bxa4 16. Rxa4 Nd7 17. Bd3 Nb6 18. Ra3 a5 19. Nf1 a4 20. Ne3 Na6 21. Nf5 Nb4 22. Bf1 Bf6 23. Ng3 g6 24. Bd2 Bg7 25. Qc1 Qe7 26. h3 Bd7 27. Nh2 f6 28. Be2 Kh8 29. Nhf1 h5 30. Ne3 h4 31. Ngf1 f5 32. Bf3 Qf7 33. Nd1 Rg8 34. Nh2 Bf6 35. Rf1 Qh7 36. Ne3 Nc8 37. Kh1 Ne7 38. Nc2 Nxc2 39. Qxc2 Rgb8 40. Bc3 Ra7 41. b3 axb3 42. Rxb3 Qg8 43. Qb1 Rxb3 44. Qxb3 Qa8 45. Kg1 Ra3 46. Qb2 Qa4 47. Rb1 Ra2 48. Qb3 Qxb3 49. Rxb3 Rc2 50. Kf1 Ba4 51. Ra3 Rc1+ 52. Be1 Rxc4 53. exf5 Nxf5 54. Be2 Rf4 55. Bd2 Re4 56. Bd3 Rd4 57. Ke2 e4 58. Bb1 Bb5+ 59. Ke1 Ba4 60. Ng4 Bg7 61. Ne3 Nxe3 62. fxe3 Rc4 63. Ba2 Bb2 64. Bxc4 Bxa3 65. Bc3+ Kg8 66. Bf6 Kf7 67. Bxh4 Bb2 1/2-1/2

[Event "CZE-chT 9394"]
[Site "Czech Republic"]
[Date "1994.02.13"]
[Round "8"]
[White "Netusil, Miloslav"]
[Black "Styblo, Michal"]
[Result "1/2-1/2"]
[WhiteElo "2290"]
[BlackElo "2275"]
[PlyCount "20"]
[EventDate "1994.11.27"]
[EventType "team-tourn"]
[EventRounds "9"]
[EventCountry "CZE"]
[SourceTitle "EXT 2019"]
[Source "ChessBase"]
[SourceDate "2018.10.10"]
[SourceVersion "1"]
[SourceVersionDate "2018.10.10"]
[SourceQuality "1"]
[WhiteTeam "Vysehrad SK Sokol"]
[BlackTeam "Grygov A64 Valoz"]
[WhiteTeamCountry "CZE"]
[BlackTeamCountry "CZE"]

1. e4 c5 2. Nf3 d6 3. d4 cxd4 4. Nxd4 Nf6 5. Nc3 a6 6. Bg5 Nc6 7. f4 Qb6 8. Nb3 Qe3+ 9. Qe2 Qxe2+ 10. Bxe2 e6 1/2-1/2

[Event "CZE-chT 9293"]
[Site "Czech Republic"]
[Date "1993.03.07"]
[Round "8"]
[White "Jankovec, Ivan"]
[Black "Styblo, Michal"]
[Result "1/2-1/2"]
[WhiteElo "2265"]
[BlackElo "2310"]
[PlyCount "29"]
[EventDate "1992.11.28"]
[EventType "team-tourn"]
[EventRounds "9"]
[EventCountry "CZE"]
[SourceTitle "EXT 2019"]
[Source "ChessBase"]
[SourceDate "2018.10.10"]
[SourceVersion "1"]
[SourceVersionDate "2018.10.10"]
[SourceQuality "1"]
[WhiteTeam "Trinec"]
[BlackTeam "Grygov A64 Valoz"]
[WhiteTeamCountry "CZE"]
[BlackTeamCountry "CZE"]

1. Nf3 Nf6 2. c4 c5 3. Nc3 e6 4. g3 b6 5. e4 Bb7 6. Qe2 d6 7. Bg2 Be7 8. 0-0 0-0 9. d4 cxd4 10. Nxd4 Qc8 11. b3 a6 12. Bb2 Nbd7 13. Rac1 Re8 14. Rfd1 Qb8 15. h3 1/2-1/2

[Event "CZE-chT 9293"]
[Site "Czech Republic"]
[Date "1993.02.06"]
[Round "5"]
[White "Voboril, Pavel"]
[Black "Styblo, Michal"]
[Result "1/2-1/2"]
[WhiteElo "2225"]
[BlackElo "2310"]
[PlyCount "151"]
[EventDate "1992.11.28"]
[EventType "team-tourn"]
[EventRounds "9"]
[EventCountry "CZE"]
[SourceTitle "EXT 2019"]
[Source "ChessBase"]
[SourceDate "2018.10.10"]
[SourceVersion "1"]
[SourceVersionDate "2018.10.10"]
[SourceQuality "1"]
[WhiteTeam "Praha DP Tarok"]
[BlackTeam "Grygov A64 Valoz"]
[WhiteTeamCountry "CZE"]
[BlackTeamCountry "CZE"]

1. e4 e5 2. Nf3 Nc6 3. Be2 Nf6 4. d3 Be7 5. 0-0 d6 6. c3 0-0 7. b4 a6 8. Nbd2 Re8 9. Qc2 Bf8 10. Ne1 d5 11. a3 Ne7 12. c4 dxe4 13. dxe4 Ng6 14. g3 Bh3 15. Ng2 a5 16. b5 Nd7 17. Bb2 Nc5 18. Rad1 Qe7 19. Rfe1 Qe6 20. Ne3 c6 21. Bf1 Bxf1 22. Rxf1 Qh3 23. Nf5 Ne6 24. Nf3 Bc5 25. Kh1 Qg4 26. Ng1 Rad8 27. Bc1 Rxd1 28. Rxd1 Ngf8 29. f3 Qg6 30. bxc6 bxc6 31. Qa4 Nd4 32. Nxd4 Bxd4 33. Qxa5 Ne6 34. Ne2 Bc5 35. Qc3 Nd4 36. Nxd4 exd4 37. Qd3 h6 38. Bb2 Rb8 39. Rb1 Qf6 40. f4 Qe7 41. Ba1 Rd8 42. Rb3 Qe6 43. e5 Re8 44. Kg2 f6 45. exf6 Qxf6 46. Rb7 Qe6 47. Bxd4 Bxd4 48. Qxd4 Qe2+ 49. Qf2 Qxc4 50. Qf3 Re2+ 51. Kh3 Qc2 52. Qb3+ Qxb3 53. Rxb3 Ra2 54. g4 c5 55. Rc3 c4 56. Kg3 Rb2 57. Rxc4 Rb3+ 58. Kh4 Rxa3 59. Kh5 Kh7 60. Kh4 Kg6 61. Rc6+ Kf7 62. f5 Rb3 63. g5 hxg5+ 64. Kxg5 Rb2 65. Rc7+ Kg8 66. h4 Rh2 67. Rc4 Kf7 68. Rg4 Rf2 69. h5 Rf1 70. Rg3 Rf2 71. Rh3 Rf1 72. Rh4 Rf2 73. h6 gxh6+ 74. Rxh6 Rg2+ 75. Kf4 Rf2+ 76. Kg4 1/2-1/2

[Event "CSR-chT"]
[Site "Czechoslovakia"]
[Date "1992.??.??"]
[Round "?"]
[White "Dolezal, Martin"]
[Black "Styblo, Michal"]
[Result "1/2-1/2"]
[WhiteElo "2275"]
[BlackElo "2310"]
[PlyCount "25"]
[EventDate "1992.??.??"]
[EventType "team-tourn"]
[EventRounds "13"]
[EventCountry "CSR"]
[SourceTitle "TD"]
[Source "ChessBase"]
[SourceDate "1994.03.01"]
[SourceVersion "1"]
[SourceVersionDate "1994.03.01"]
[SourceQuality "1"]

1. d4 Nf6 2. Nf3 g6 3. c4 Bg7 4. Nc3 0-0 5. Bg5 d6 6. e3 Nbd7 7. Qc2 c6 8. Be2 e5 9. Rd1 Qc7 10. 0-0 Re8 11. b4 Nf8 12. dxe5 dxe5 13. c5 1/2-1/2

[Event "CSR-chT"]
[Site "Czechoslovakia"]
[Date "1992.??.??"]
[Round "?"]
[White "Styblo, Michal"]
[Black "Trichkov, Vasil"]
[Result "0-1"]
[WhiteElo "2310"]
[BlackElo "2315"]
[PlyCount "72"]
[EventDate "1992.??.??"]
[EventType "team-tourn"]
[EventRounds "13"]
[EventCountry "CSR"]
[SourceTitle "TD"]
[Source "ChessBase"]
[SourceDate "1994.03.01"]
[SourceVersion "1"]
[SourceVersionDate "1994.03.01"]
[SourceQuality "1"]

1. e4 c5 2. Nf3 d6 3. Bb5+ Nd7 4. d4 cxd4 5. Qxd4 a6 6. Be2 Ngf6 7. 0-0 e5 8. Qe3 Nc5 9. Nc3 b5 10. b4 Ne6 11. a4 bxa4 12. Rxa4 Be7 13. Bc4 0-0 14. Nd5 Bb7 15. Rd1 Nxd5 16. Bxd5 Bxd5 17. Rxd5 Nf4 18. Rda5 Qc8 19. g3 Qg4 20. Bd2 Rac8 21. Qb3 Ne2+ 22. Kf1 Nc3 23. Bxc3 Qxf3 24. Ra3 Qh1+ 25. Ke2 Qxe4+ 26. Kf1 Qh1+ 27. Ke2 Qxh2 28. Rxa6 Qh5+ 29. Kf1 Qh1+ 30. Ke2 Qe4+ 31. Kf1 h5 32. b5 d5 33. R3a4 d4 34. Kg1 h4 35. Bb4 Bxb4 36. Rxb4 h3 0-1

[Event "CSR-chT 9091"]
[Site "Czechoslovakia"]
[Date "1991.03.17"]
[Round "12.6"]
[White "Styblo, Michal"]
[Black "Pacl, Vaclav"]
[Result "0-1"]
[WhiteElo "2310"]
[BlackElo "2230"]
[PlyCount "97"]
[EventDate "1990.??.??"]
[EventType "team"]
[EventRounds "14"]
[EventCountry "CSR"]
[SourceTitle "EXT 2002"]
[Source "ChessBase"]
[SourceDate "2001.11.25"]
[SourceVersion "1"]
[SourceVersionDate "2001.11.25"]
[SourceQuality "1"]

1. e4 Nf6 2. Nc3 d5 3. e5 Nfd7 4. d4 c5 5. Nf3 e6 6. dxc5 Nc6 7. Bf4 Bxc5 8. Bd3 f6 9. exf6 Nxf6 10. 0-0 0-0 11. Qe2 a6 12. Rad1 b5 13. Bg3 Ra7 14. a4 b4 15. Na2 Qe8 16. Ne5 Nh5 17. Nc1 Nxg3 18. hxg3 Nxe5 19. Qxe5 Raf7 20. Rd2 Qxa4 21. Nb3 Bb6 22. Re2 Qd7 23. Nd4 Rf6 24. Nf3 Qa7 25. g4 Bc7 26. Qe3 Qxe3 27. Rxe3 Bb6 28. Re2 h6 29. g5 Rf4 30. gxh6 gxh6 31. Ne5 R8f6 32. g3 Rd4 33. Nc6 Kf7 34. Nxd4 Bxd4 35. c4 bxc3 36. bxc3 Bxc3 37. Rc1 d4 38. Rb1 Ke7 39. Re4 a5 40. Rb8 Kd7 41. Rg4 Kc7 42. Rb1 Rf7 43. Rb5 Bd7 44. Re5 a4 45. Rg8 Kd6 46. f4 Bc6 47. Bc4 Rf6 48. Rc8 a3 49. Bxe6 0-1

[Event "CSR-chT 9091"]
[Site "Czechoslovakia"]
[Date "1991.02.03"]
[Round "8.7"]
[White "Nemec, Pavel"]
[Black "Styblo, Michal"]
[Result "1/2-1/2"]
[WhiteElo "2245"]
[BlackElo "2310"]
[PlyCount "85"]
[EventDate "1990.??.??"]
[EventType "team"]
[EventRounds "14"]
[EventCountry "CSR"]
[SourceTitle "EXT 2002"]
[Source "ChessBase"]
[SourceDate "2001.11.25"]
[SourceVersion "1"]
[SourceVersionDate "2001.11.25"]
[SourceQuality "1"]

1. e4 c5 2. Nf3 d6 3. d4 cxd4 4. Nxd4 Nf6 5. Nc3 Nc6 6. Bc4 e6 7. 0-0 Be7 8. Be3 0-0 9. Bb3 a6 10. f4 Qc7 11. Kh1 Bd7 12. f5 Nxd4 13. Bxd4 b5 14. fxe6 Bxe6 15. Bxf6 Bxf6 16. Nd5 Bxd5 17. Bxd5 Rae8 18. c3 Be5 19. Rf3 g6 20. Qd2 Kh8 21. a4 f6 22. axb5 axb5 23. Qh6 f5 24. Rh3 Qg7 25. Qxg7+ Bxg7 26. Bc6 Re5 27. exf5 Rexf5 28. Rf3 Rxf3 29. gxf3 b4 30. cxb4 Bxb2 31. Rb1 Bd4 32. Rd1 Rc8 33. b5 Bc5 34. Re1 Rc7 35. Bd5 Kg7 36. Kg2 Bb6 37. Re6 Rc2+ 38. Kg3 Rb2 39. f4 Rxb5 40. Rxd6 Ba5 41. Rd7+ Kf8 42. Rf7+ Ke8 43. Bc6+ 1/2-1/2

[Event "CSR-chT"]
[Site "Czechoslovakia"]
[Date "1989.??.??"]
[Round "?"]
[White "Danek, Libor"]
[Black "Styblo, Michal"]
[Result "1-0"]
[WhiteElo "2350"]
[BlackElo "2310"]
[PlyCount "57"]
[EventDate "1989.??.??"]
[EventType "team-tourn"]
[EventRounds "11"]
[EventCountry "CSR"]
[SourceTitle "EXT 2002"]
[Source "ChessBase"]
[SourceDate "2001.11.25"]
[SourceVersion "1"]
[SourceVersionDate "2001.11.25"]
[SourceQuality "1"]

1. e4 e6 2. d4 d5 3. Nd2 Be7 4. c3 dxe4 5. Nxe4 Nf6 6. Bd3 Nbd7 7. Nf3 Nxe4 8. Bxe4 Nf6 9. Bc2 0-0 10. 0-0 b6 11. Re1 Bb7 12. Bg5 Qd6 13. Qd3 g6 14. Rad1 Nd5 15. Bh6 Rfb8 16. Ne5 Bf8 17. Bxf8 Rxf8 18. Qe4 Rab8 19. Qh4 Rfd8 20. Nxf7 Kxf7 21. Qxh7+ Kf8 22. Qh6+ Ke8 23. Qxg6+ Kd7 24. Rxe6 Qxe6 25. Bf5 Qxf5 26. Qxf5+ Kd6 27. c4 Ne7 28. Qe5+ Kd7 29. d5 1-0

[Event "CSR-chT"]
[Site "Czechoslovakia"]
[Date "1989.??.??"]
[Round "?"]
[White "Sevcik, Vladimir"]
[Black "Styblo, Michal"]
[Result "1-0"]
[WhiteElo "2275"]
[BlackElo "2310"]
[PlyCount "101"]
[EventDate "1989.??.??"]
[EventType "team-tourn"]
[EventRounds "11"]
[EventCountry "CSR"]
[SourceTitle "EXT 2002"]
[Source "ChessBase"]
[SourceDate "2001.11.25"]
[SourceVersion "1"]
[SourceVersionDate "2001.11.25"]
[SourceQuality "1"]

1. d4 d5 2. Nf3 Nf6 3. c4 c6 4. Nc3 Bf5 5. cxd5 Nxd5 6. Qb3 Qb6 7. Qxb6 axb6 8. Nxd5 cxd5 9. e3 Nc6 10. Bd2 Bd7 11. Bb5 e6 12. 0-0 Bd6 13. Bd3 f5 14. Rfc1 Ke7 15. Rc3 Na5 16. Ne5 Bc6 17. b4 Nc4 18. Nxc6+ bxc6 19. Bxc4 dxc4 20. Rxc4 Kd7 21. Rc2 b5 22. a3 Ra6 23. Rca2 Ra4 24. Bc3 Rha8 25. Kf1 Bf8 26. Ke2 g6 27. Kd3 Kd6 28. Kc2 Kd5 29. Kb3 Kd6 30. Re2 Kd7 31. Ree1 Bd6 32. h3 Rf8 33. Bb2 Be7 34. Rac1 Bh4 35. g3 Be7 36. Rc2 Bd6 37. f4 Raa8 38. Rg2 h5 39. g4 fxg4 40. hxg4 h4 41. g5 Rh8 42. d5 Rh5 43. dxc6+ Kxc6 44. Rc1+ Kd7 45. Rd1 h3 46. Rh2 Kc6 47. Rc1+ Kd7 48. Rd1 Kc6 49. Bf6 Ra7 50. Rc1+ Kd7 51. Rch1 1-0

[Event "Olomouc Sigma 21th"]
[Site "Olomouc"]
[Date "1988.08.16"]
[Round "6"]
[White "Beil, Zdenek"]
[Black "Styblo, Michal"]
[Result "1-0"]
[WhiteElo "2390"]
[BlackElo "2200"]
[PlyCount "85"]
[EventDate "1988.08.11"]
[EventType "tourn"]
[EventRounds "11"]
[EventCountry "CSR"]
[EventCategory "4"]
[SourceTitle "EXT 2005"]
[Source "ChessBase"]
[SourceDate "2004.11.15"]
[SourceVersion "1"]
[SourceVersionDate "2004.11.15"]
[SourceQuality "1"]

1. d4 e6 2. c4 d5 3. Nf3 Nf6 4. g3 dxc4 5. Bg2 Bd7 6. Nbd2 Bb4 7. 0-0 Bb5 8. Ne5 c6 9. Ndxc4 0-0 10. Bd2 Be7 11. Ba5 Qc8 12. Qb3 Bxc4 13. Nxc4 Nbd7 14. Rfc1 Rb8 15. Bd2 Re8 16. a4 Bf8 17. Bf4 Ra8 18. Bd6 Rd8 19. a5 Nb8 20. Bxf8 Kxf8 21. e3 Kg8 22. Ra4 Na6 23. e4 Qc7 24. e5 Nd5 25. Nd6 Rab8 26. Bf1 Qd7 27. Bxa6 bxa6 28. Qc2 Rb4 29. Rxb4 Nxb4 30. Qa4 Rb8 31. Rc4 Nd3 32. Rxc6 Nxb2 33. Qc2 h6 34. Rc7 Qa4 35. Qxa4 Nxa4 36. Rxf7 Rb4 37. Rxa7 Rxd4 38. Rxa6 Rd5 39. f4 Nc3 40. Rc6 Ne2+ 41. Kf2 Nd4 42. Rc8+ Kh7 43. Nc4 1-0